| 000 | 00710nam a2200181 i 4500 | ||
|---|---|---|---|
| 001 | 189701 | ||
| 003 | ES-MaACL | ||
| 005 | 20230906223532.0 | ||
| 008 | 190909s1959 sp |||| | spa d | ||
| 245 | 0 | 0 | _aNoticias y documentos acerca de las Californias, 1764-1795. |
| 260 |
_aMadrid : _bJosé Porrúa Turanzas, _c1959. |
||
| 300 |
_a253 p., 2 map. pleg. ; _c25 cm. |
||
| 490 | 1 |
_aColección Chimalistac de libros y documentos acerca de la Nueva España ; _v5 |
|
| 651 | 4 |
_aCalifornia (Estados Unidos, Estado)- _xHistoria- _yHasta 1846. _9174579 |
|
| 830 | 1 |
_aColección Chimalistac de libros y documentos acerca de la Nueva España ; _v5 _9182539 |
|
| 852 | 4 |
_aES-MaACL _jP-798-3 |
|
| 999 |
_c189701 _d189701 |
||